| 000 | 00480nam a2200169 a 4500 | ||
|---|---|---|---|
| 005 | 20140412111244.0 | ||
| 008 | 010809s19uu xx 00 eng d | ||
| 020 | _a0-671-52910-2 | ||
| 050 |
_aTR(GS 158.1 _bS81 199? |
||
| 100 | _aSchuller, Robert H. | ||
| 245 |
_aThough times ever lasts but though people do! / _cRobert H. Schuller. |
||
| 260 |
_a[s.l.] : _b[s.n.], _c199?. |
||
| 300 | _a32p. ; ill. | ||
| 650 | _aPositive thinking | ||
| 650 | _aPsychology | ||
| 999 |
_c102877 _d102877 |
||